Serbian-Yugoslav 1970s Music Quiz: Name the Artist - Statistics

General Stats
  • This quiz has been taken 16 times
  • The average score is 9 of 30
Answer Stats
Song Release Date Artist % Correct
Danka 1979 Toma Zdravković
71%
Polomiću čaše od kristala 1979 Miroslav Ilić
64%
Rock'n'roll za kućni savet 1979 Riblja Čorba
57%
Dođi da ostarimo zajedno 1978 Šaban Šaulić
57%
Prvi januar (popodne) 1979 Rani Mraz
50%
Čudna šuma 1973 YU Grupa
50%
Ako jednom vidiš Mariju 1970 Miki Jevremović
43%
Oči jedne žene 1979 Predrag Živković Tozovac
43%
Crna dama 1977 Smak
43%
Kažu mi da si još uvek sama 1975 Boba Stefanović
36%
Zima u Budimpešti 1979 Đorđe Marjanović
36%
Odiseja 1974 Leo Martin
36%
Ljuljaj me nežno 1978 Oliver Mandić
36%
Biti ružan, pametan i mlad 1979 Pekinška Patka
36%
Rane moje 1971 Silvana Armenulić
36%
Počnimo ljubav ispočetka 1976 Beti Đorđević
29%
Ti samo budi dovoljno daleko 1979 Generacija 5
29%
Romansa na kiši 1975 Predrag Gojković Cune
29%
Dok vam je još vreme 1978 Laboratorija
21%
Nikada više 1976 Bisera Veletanlić
14%
Decimen 1979 Galija
14%
Put za istok 1972 Korni Grupa
14%
Još malo 1972 Lutajuća Srca
14%
Na drumu za haos 1973 Pop Mašina
14%
Pusti neka stvari teku svojim tokom 1979 Slađana Milošević
14%
Jedini čovek 1976 Branka Stanarčić
7%
Plač bez suza 1973 Nataša Vladetić
7%
Prvi sneg 1977 Suncokret
7%
Moj svet 1977 S Vremena na Vreme
7%
Ostavljena žena 1979 Vesna Zmijanac
7%
No matching quizzes found
Score Distribution
Percent of People with Each Score
Percentile by Number Answered
Your Score History
You have not taken this quiz